| 000 | 005600000a22001810004500 | ||
|---|---|---|---|
| 003 | MACL | ||
| 005 | 20160602132008.0 | ||
| 008 | 160602b xxu||||| |||| 00| 0 eng d | ||
| 040 |
_aMACL _cMACL |
||
| 041 | _aHindi | ||
| 082 | _a920 DAN | ||
| 100 |
_aदाणी, शांताबाई _961630 |
||
| 245 |
_aधूप और छॉव _cशांताबाई दाणी |
||
| 260 |
_bनवयान साहित्य _c2007 _aनई दिल्ली |
||
| 350 | _a20 | ||
| 650 |
_aAuto Biography _914205 |
||
| 942 |
_cHIN _k920/DAN _2ddc |
||
| 999 |
_c41575 _d41575 |
||